000 00319 a2200109 4500
001 ART_43487
005 20260410162024.0
008 260409a
245 1 0 _aThe returns to school quality
100 1 _aStrayer, Wayne
773 0 _tJournal of labor economics
_g- Vol. 20, NÂș 3 (jul. 2002)
_wREV43438
999 _c33406
_d33406